<?xml version="1.0" encoding="UTF-8"?><?xml-stylesheet type="text/xsl" href="static/style.xsl"?><OAI-PMH xmlns="http://www.openarchives.org/OAI/2.0/" xmlns:xsi="http://www.w3.org/2001/XMLSchema-instance" xsi:schemaLocation="http://www.openarchives.org/OAI/2.0/ http://www.openarchives.org/OAI/2.0/OAI-PMH.xsd"><responseDate>2026-04-17T03:36:26Z</responseDate><request verb="GetRecord" identifier="oai:www.recercat.cat:2072/419717" metadataPrefix="marc">https://recercat.cat/oai/request</request><GetRecord><record><header><identifier>oai:recercat.cat:2072/419717</identifier><datestamp>2026-04-02T19:20:41Z</datestamp><setSpec>com_2072_98</setSpec><setSpec>col_2072_378196</setSpec></header><metadata><record xmlns="http://www.loc.gov/MARC21/slim" xmlns:dcterms="http://purl.org/dc/terms/" xmlns:xsi="http://www.w3.org/2001/XMLSchema-instance" xmlns:doc="http://www.lyncode.com/xoai" xsi:schemaLocation="http://www.loc.gov/MARC21/slim http://www.loc.gov/standards/marcxml/schema/MARC21slim.xsd">
   <leader>00925njm 22002777a 4500</leader>
   <datafield ind2=" " ind1=" " tag="042">
      <subfield code="a">dc</subfield>
   </datafield>
   <datafield ind2=" " ind1=" " tag="720">
      <subfield code="a">Ceccotti, Francesca</subfield>
      <subfield code="e">author</subfield>
   </datafield>
   <datafield ind2=" " ind1=" " tag="720">
      <subfield code="a">Universitat Autònoma de Barcelona. Facultat de Filosofia i Lletres</subfield>
      <subfield code="e">author</subfield>
   </datafield>
   <datafield ind2=" " ind1=" " tag="260">
      <subfield code="c">2009</subfield>
   </datafield>
   <datafield ind2=" " ind1=" " tag="520">
      <subfield code="a">Si pienso en el teatro, más allá de una definición académica del término, pienso en una fiesta y un evento popular con participación "masiva", pienso en un ritual, en un espacio sagrado y todo eso está presente en el trabajo de Andrés Pérez. Esta es mi verdad, la que voy a contar en este escrito, una verdad subjetiva sin duda y además una verdad que pasa no solo a través de lo efímero del teatro, sino también pasa por los recuerdos de mis testigos, por su memoria, gracias a las entrevistas que he realizado, a las notas de prensa y a los libros que he leído, la figura de Andrés Pérez ha tomado cuerpo y voz, por ejemplo con los videos que he logrado encontrar donde se hace presente. Otro elemento para mí interesante de la figura de Andrés es la popularidad que tiene en Chile y en Suramérica. Es muy conocido por haber trabajado casi siempre con personajes e historias marginales y por no haberse olvidado nunca de donde venía, llevando así el teatro a lugares pobres, por eso la gente lo ama: es una figura viva en la memoria de la sociedad chilena. La figura de Andrés Pérez, quedó grabada en el imaginario colectivo y se ha convertido en un héroe post dictadura y en plena época de reconciliación ha llegado al éxito. Fue el creador de un teatro masivo y popular, uniendo elementos del circo, magia, mimo, danza, teatro, música….</subfield>
   </datafield>
   <datafield tag="653" ind2=" " ind1=" ">
      <subfield code="a">Teatre Xile</subfield>
   </datafield>
   <datafield ind2="0" ind1="0" tag="245">
      <subfield code="a">Andrés Pérez : una vida para el teatro</subfield>
   </datafield>
</record></metadata></record></GetRecord></OAI-PMH>